Heat and mass Transfer (Record no. 5741)

MARC details
000 -LEADER
fixed length control field 00348nam a2200145Ia 4500
008 - FIXED-LENGTH DATA ELEMENTS--GENERAL INFORMATION
fixed length control field 191201s2013 xx 000 0 und d
082 ## - DEWEY DECIMAL CLASSIFICATION NUMBER
Classification number 621.4022
Item number KUH
100 ## - MAIN ENTRY--PERSONAL NAME
Personal name KUMAR, D S
245 #0 - TITLE STATEMENT
Title Heat and mass Transfer
250 ## - EDITION STATEMENT
Edition statement Rep
260 ## - PUBLICATION, DISTRIBUTION, ETC. (IMPRINT)
Place of publication, distribution, etc N.Delhi
Name of publisher, distributor, etc S K Kataria and Sons
Date of publication, distribution, etc 2013
300 ## - PHYSICAL DESCRIPTION
Extent 749
650 ## - SUBJECT ADDED ENTRY--TOPICAL TERM
Topical term or geographic name as entry element B.Tech(ME)
942 ## - ADDED ENTRY ELEMENTS (KOHA)
Source of classification or shelving scheme Dewey Decimal Classification
Koha item type Text Books
942 ## - ADDED ENTRY ELEMENTS (KOHA)
-- 1
Holdings
Withdrawn status Lost status Source of classification or shelving scheme Damaged status Not for loan Collection code Home library Current library Date acquired Source of acquisition Cost, normal purchase price Bill Number Total Checkouts Full call number Acc. no. / Barcode Date last seen Bill Date Koha item type Date last borrowed
    Dewey Decimal Classification     B.Tech(ME) PIET C-LIBRARY PIET C-LIBRARY 20/05/2015 IBH, New Delhi 415.00 1760   621.4022 KUH 22561 04/12/2019 20/05/2013 Text Books  
    Dewey Decimal Classification     B.Tech(ME) PIET C-LIBRARY PIET C-LIBRARY 20/05/2015 IBH, New Delhi 415.00 1760 3 621.4022 KUH 22562 20/12/2024 20/05/2013 Text Books 06/12/2024
    Dewey Decimal Classification     B.Tech(ME) PIET C-LIBRARY PIET C-LIBRARY 20/05/2015 IBH, New Delhi 415.00 1760   621.4022 KUH 22563 17/12/2022 20/05/2013 Text Books  
    Dewey Decimal Classification     B.Tech(ME) PIET C-LIBRARY PIET C-LIBRARY 20/05/2015 IBH, New Delhi 415.00 1760 2 621.4022 KUH 22564 13/12/2024 20/05/2013 Text Books 06/12/2024
    Dewey Decimal Classification     B.Tech(ME) PIET C-LIBRARY PIET C-LIBRARY 20/05/2015 IBH, New Delhi 415.00 1760 1 621.4022 KUH 22565 19/12/2024 20/05/2013 Text Books 05/12/2024

Design & Developed by: PIET Central Library
R70 Miles Stone Pattikalyana Samalkha Panipat 132102
mail ID :- [email protected], Phone No:- 0180-2569700 Ex.216